| 000 | 01585cam a2200361 i 4500 | ||
|---|---|---|---|
| 001 | 21935300 | ||
| 003 | CSPC | ||
| 005 | 20260120105620.0 | ||
| 008 | 210311c2020 ph b f000 0 eng | ||
| 010 | _a 2021346232 | ||
| 022 | _a2719-1419 | ||
| 040 |
_aCSPC _beng _cCSPC _erda |
||
| 050 | 0 | 0 |
_aKPM4507 _b.L586 2020 |
| 245 | 0 | 0 | _aLegal prohibition of extrajudicial killings and the prescription of effective remedies. |
| 264 | 1 |
_aDiliman, Quezon City : _bInstitute of Human Rights (IHR), U.P. Law Center, _c2020. |
|
| 264 | 4 | _c©2020 | |
| 300 |
_avolumes : _c23 cm. |
||
| 336 |
_atext _2rdacontent |
||
| 337 |
_aunmediated _2rdamedia |
||
| 338 |
_avolume _2rdacarrier |
||
| 362 | _aVolume 1, Number 3 | ||
| 490 | 0 |
_aOccasional human rights paper series. _vvolume 1, no. 3 |
|
| 504 | _aIncludes bibliographical references. | ||
| 505 | _aIntroduction -- Methodology -- The right to life and the absolute prohibition of arbitrary deprivation of life -- Philippine laws protecting the right to life -- Why criminalize extrajudicial killings? -- Preventive measures -- Conclusion. | ||
| 521 | _aBachelor of Public Administration | ||
| 650 |
_aExtrajudicial executions _zPhilippines. |
||
| 650 |
_aRemedies (Law) _zPhilippines. _xPeriodicals. |
||
| 650 |
_aHuman rights _zPhilippines. _xPeriodicals. |
||
| 700 | 1 |
_aLitong, Glenda T., _eeditor. |
|
| 710 | 2 |
_aUniversity of the Philippines. _bInstitute of Human Rights, _epublisher. |
|
| 942 |
_2ddc _n0 _cSERIALS _iL522 _kSER _m2020 |
||
| 999 |
_c31531 _d31531 |
||